Devinez la Capitale Mystère #132 - Statistiques

Statistiques générales
  • Ce quiz a été pris 123 fois
  • Le résultat moyen est 24 sur 33
Statistiques - réponses
Type de Réponse Réponse % Correct
Lettre Trouvée A
99%
Lettre Trouvée I
99%
Lettre de l'Alphabet O
99%
Lettre de l'Alphabet R
99%
Lettre de l'Alphabet S
99%
Lettre Trouvée E
97%
Lettre Trouvée N
97%
Lettre de l'Alphabet B
94%
Lettre de l'Alphabet L
94%
Lettre de l'Alphabet P
92%
Lettre de l'Alphabet D
90%
Lettre Trouvée M
87%
Lettre de l'Alphabet T
86%
Lettre de l'Alphabet U
84%
Lettre de l'Alphabet G
83%
Lettre de l'Alphabet H
78%
Lettre de l'Alphabet C
74%
Lettre Bien Placée I
70%
Lettre de l'Alphabet W
67%
Lettre de l'Alphabet K
66%
Lettre Bien Placée E
64%
Lettre de l'Alphabet V
63%
Lettre Bien Placée A
55%
Lettre de l'Alphabet X
51%
Lettre Trouvée Y
51%
Lettre Bien Placée N
50%
Lettre de l'Alphabet F
49%
Lettre de l'Alphabet Z
47%
Lettre de l'Alphabet J
40%
Lettre de l'Alphabet Q
40%
Lettre Bien Placée M
38%
Capitale Mystère Niamey
37%
Lettre Bien Placée Y
37%
Aucun quiz correspondant
Distribution des résultats
% des personnes avec chaque résultat
Percentile par nombre de réponses
Votre historique - résultats
Vous n’avez pas pris ce quiz